000 00753nab a2200193 4500
001 244442
003 OSt
005 20230531080945.0
007 tu
008 200917s2020|||||||
040 _aDE-2950
_cDE-2950
245 0 0 _aFanfarengarde feiert 50. Geburtstag.
_bJubiläum. Gegründet wurde sie im Jahr 1973 im Halbleiterwerk, seit 1990 ist die Musikgruppe ein eingetragener Verein. Hans-Jörg Laurisch ist fast von Anfang an künstlerischer Leiter. Zum 1. Juli gibt er den Dirigentenstab an seinen Nachfolger ab /
_cJörg Kotterba
264 _c2023
653 _aFrankfurt (Oder)
653 _aFanfarengarde
653 _aJubiläum
773 0 _g34. Jahrgang (2023) Nr. 115 vom 19.05.2023, S. 15: mit Foto
_tMärkische Oderzeitung
942 _2z
_cA
999 _c372476
_d372476